000 00946nam a22003017a 4500
001 BR2016001331
003 BR-BrBNA
005 20230928104836.0
007 ta
008 230509b bl.||||| |||| 00| 0 por d
040 _aBR-BrBNA
_bpor
_cBiblioteca Nacional de Agricultura
041 _a(Por)
072 _aC20; F01
_b3290
090 _ 3290 BR2016001331
110 1 _aMinistério da Agricultura, Pecuária e Abastecimento, Brasília, DF (Brasil). Secretaria de Desenvolvimento Agropecuário e Cooperativismo
245 1 _aCaderno de boas práticas para o extrativismo sustentável orgânico do baru
260 3 _aBrasília, DF (Brasil):
_c2014.
300 _a38 p.
500 _a13 illus.
650 _aCUMBARU
650 _aÁRVORE ANGIOSPERMA
650 _aPRÁTICA CULTURAL
650 _aCURSO
650 _aEXTENSÃO RURAL
650 _aAGRICULTURA SUSTENTÁVEL
909 _a202309
_bLucia
_c55
_dLucia Elande
942 _cBK
999 _c82031
_d82031